Nations starting with A in EU4 - Statistics

General Stats
  • This quiz has been taken 129 times
  • The average score is 9 of 12
Answer Stats
Hint Nation % Correct
Nation in Iberia Aragon
96%
THE Emperor + PU master Austria
96%
Vassal of byzantium Athens
93%
Balkan Nation Albania
90%
Formable in Iberia Andalusia
89%
Emperor of Japan Ashikaga
80%
"The white sheep" + Tribal government Aq Qoyunlu
74%
Best nation to form Persia Ajam
73%
German OPM with Hoenzollern in 1444 Ansbach
71%
Releasable in Iberia Asturias
71%
Green South East Asian nation Ayutthaya
71%
Somali nation, overlord of mogadishu Ajuuran
37%
No matching quizzes found
Score Distribution
Percent of People with Each Score
Percentile by Number Answered
Your Score History
You have not taken this quiz